Online Catalogue and eLibrary

Nithya Kanni (Record no. 4231)

MARC details
000 -LEADER
fixed length control field 00409nam a2200145Ia 4500
005 - DATE AND TIME OF LATEST TRANSACTION
control field 20250312014947.0
008 - FIXED-LENGTH DATA ELEMENTS--GENERAL INFORMATION
fixed length control field 240331s9999 xx 000 0 und d
082 ## - DDC Classification
Item Number - Author Mark VEN
DDC Edition Number 3508
Class No. 894.811
100 ## - MAIN ENTRY--PERSONAL NAME
Personal name Venkatram, M. V
245 #0 - TITLE STATEMENT
Title Nithya Kanni
260 ## - PUBLICATION, DISTRIBUTION, ETC.
Place of publication, distribution, etc. Chennai,
Name of publisher, distributor, etc. Vanathi Pathippagam
Date of publication, distribution, etc. 1994
300 ## - PHYSICAL DESCRIPTION
Extent (e.g. Volumes, Pages etc.) xv, 195 p.,
500 ## - GENERAL NOTE
General note The story of the eternal virgin, Madhavi, from the Mahabharata.
942 ## - Koha item type (Biblio)
Koha item type Books in Stacks (Lending)
Holdings
Lost status Damaged status Collection code Home library Current library Shelving location Date acquired Full call number Accession Number Item type
    Lending WERC Library WERC Library Social Science Cupboard 03/31/2024 894.811 VEN 3508 Books in Stacks (Lending)

© WERC Library